| 000 | 00487nam a2200205Ia 4500 | ||
|---|---|---|---|
| 008 | 210210b2009 xxu||||| |||| 00| 0 eng d | ||
| 020 | _a8183551556 | ||
| 041 | _aeng | ||
| 082 | _a576.02 KUMG | ||
| 100 | _aKUMAR (Prabhanshu) | ||
| 245 | _aGATE 2009: life sciences; microbiology | ||
| 260 |
_aNoida _bG K Publishers _c2009 |
||
| 300 | _a434 | ||
| 650 | _asciences | ||
| 650 | _amicrobiology | ||
| 650 | _alife | ||
| 650 | _aGATE | ||
| 690 | _aMicrobiology | ||
| 906 | _aSG05102 | ||
| 999 |
_c136489 _d136489 |
||